| 000 | 01481nam a2200349Ia 4500 | ||
|---|---|---|---|
| 001 | ebr10661737 | ||
| 003 | CaPaEBR | ||
| 006 | m u | ||
| 007 | cr cn||||||||| | ||
| 008 | 100114s2010 nyuab sb 001 0 eng d | ||
| 010 | _z2010001172 | ||
| 020 |
_z9781616680206 _c(hardcover) |
||
| 020 | _z9781611226348 | ||
| 040 |
_aCaPaEBR _cCaPaEBR |
||
| 035 | _a(OCoLC)847647381 | ||
| 043 | _af-gh--- | ||
| 050 | 1 | 4 |
_aHC1060.Z65 _bN38 2010eb |
| 245 | 0 | 0 |
_aNatural resources in Ghana _h[electronic resource] : _bmangement, policy, and economics / _ceditors, David M. Nanang, Thompson K. Nunifu. |
| 260 |
_aHauppauge, N.Y. : _bNova Science Publishers, _cc2010. |
||
| 300 |
_axvii, 354 p. : _bill., maps (some col.). |
||
| 490 | 1 | _aEnvironmental science, engineering and technology series. | |
| 504 | _aIncludes bibliographical references and index. | ||
| 533 |
_aElectronic reproduction. _bPalo Alto, Calif. : _cebrary, _d2013. _nAvailable via World Wide Web. _nAccess may be limited to ebrary affiliated libraries. |
||
| 650 | 0 |
_aNatural resources _zGhana _xManagement. |
|
| 651 | 0 |
_aGhana _xEconomic policy. |
|
| 655 | 7 |
_aElectronic books. _2local |
|
| 700 | 1 |
_aNanang, David M. _q(David Mateiyenu) |
|
| 700 | 1 | _aNunifu, Thompson K. | |
| 710 | 2 | _aebrary, Inc. | |
| 830 | 0 | _aEnvironmental science, engineering and technology series. | |
| 856 | 4 | 0 |
_uhttp://site.ebrary.com/lib/rucke/Doc?id=10661737 _zAn electronic book accessible through the World Wide Web; click to view |
| 999 |
_c169828 _d169828 |
||